|
|
|
|
| LEADER |
03150nam a2200505 4500 |
| 001 |
978-3-319-59430-9 |
| 003 |
DE-He213 |
| 005 |
20191022041442.0 |
| 007 |
cr nn 008mamaa |
| 008 |
170619s2018 gw | s |||| 0|eng d |
| 020 |
|
|
|a 9783319594309
|9 978-3-319-59430-9
|
| 024 |
7 |
|
|a 10.1007/978-3-319-59430-9
|2 doi
|
| 040 |
|
|
|d GrThAP
|
| 050 |
|
4 |
|a Q342
|
| 072 |
|
7 |
|a UYQ
|2 bicssc
|
| 072 |
|
7 |
|a TEC009000
|2 bisacsh
|
| 072 |
|
7 |
|a UYQ
|2 thema
|
| 082 |
0 |
4 |
|a 006.3
|2 23
|
| 100 |
1 |
|
|a Sánchez-Escribano, M. Guadalupe.
|e author.
|4 aut
|4 http://id.loc.gov/vocabulary/relators/aut
|
| 245 |
1 |
0 |
|a Engineering Computational Emotion - A Reference Model for Emotion in Artificial Systems
|h [electronic resource] /
|c by M. Guadalupe Sánchez-Escribano.
|
| 250 |
|
|
|a 1st ed. 2018.
|
| 264 |
|
1 |
|a Cham :
|b Springer International Publishing :
|b Imprint: Springer,
|c 2018.
|
| 300 |
|
|
|a XXI, 258 p. 82 illus., 27 illus. in color.
|b online resource.
|
| 336 |
|
|
|a text
|b txt
|2 rdacontent
|
| 337 |
|
|
|a computer
|b c
|2 rdamedia
|
| 338 |
|
|
|a online resource
|b cr
|2 rdacarrier
|
| 347 |
|
|
|a text file
|b PDF
|2 rda
|
| 490 |
1 |
|
|a Cognitive Systems Monographs,
|x 1867-4925 ;
|v 33
|
| 505 |
0 |
|
|a Introduction -- Models -- Principles for Computational Emotion -- A model of Computational Emotion -- Discussion -- Future Works. .
|
| 520 |
|
|
|a This book provides a new perspective on emotion in artificial systems. It presents an insightful explanation of how emotion might emerge deep inside the systems, and emotional behaviour could be seen as a consequence of their internal management. The final approach attempts to account for a range of events associated with emotion, from functional and behavioural features to aspects related to the dynamics and the development of feeling. The book provides a theoretical foundation for engineering and designing computational emotion as a framework for developing future adaptive systems. It includes a painstaking analysis of the rationales for the features of the final approach, including aspects from the fields of Artificial Intelligence, Psychology, the Cognitive Sciences and Model-based Systems. Synthesizing knowledge from a variety of disciplines, it ultimately presents a model conceptualization following the perspectives of Engineering and the Cognitive Sciences.
|
| 650 |
|
0 |
|a Computational intelligence.
|
| 650 |
|
0 |
|a Artificial intelligence.
|
| 650 |
|
0 |
|a Emotions.
|
| 650 |
1 |
4 |
|a Computational Intelligence.
|0 http://scigraph.springernature.com/things/product-market-codes/T11014
|
| 650 |
2 |
4 |
|a Artificial Intelligence.
|0 http://scigraph.springernature.com/things/product-market-codes/I21000
|
| 650 |
2 |
4 |
|a Emotion.
|0 http://scigraph.springernature.com/things/product-market-codes/Y20140
|
| 710 |
2 |
|
|a SpringerLink (Online service)
|
| 773 |
0 |
|
|t Springer eBooks
|
| 776 |
0 |
8 |
|i Printed edition:
|z 9783319594293
|
| 776 |
0 |
8 |
|i Printed edition:
|z 9783319594316
|
| 776 |
0 |
8 |
|i Printed edition:
|z 9783319866239
|
| 830 |
|
0 |
|a Cognitive Systems Monographs,
|x 1867-4925 ;
|v 33
|
| 856 |
4 |
0 |
|u https://doi.org/10.1007/978-3-319-59430-9
|z Full Text via HEAL-Link
|
| 912 |
|
|
|a ZDB-2-ENG
|
| 950 |
|
|
|a Engineering (Springer-11647)
|